Loading...
| Science - Chemistry | 0 | 2 | 0 | 0 | 20 | 28 | 43.00 | 0 | 1 |
| Science - Other Science | 0 | 2 | 0 | 0 | 20 | 32 | 37.50 | 1 | 2 |
| Literature - World Literature | 0 | 1 | 0 | 0 | 10 | 101 | 101.00 | 0 | 1 |
| Painting/Sculpture | 0 | 1 | 0 | 1 | 10 | 115 | 115.00 | 0 | 1 |
| Religion | 0 | 1 | 0 | 1 | 10 | 111 | 111.00 | 0 | 0 |
| Fine Arts - Classical Music | 0 | 1 | 0 | 0 | 10 | 50 | 50.00 | 1 | 1 |
| History - European History | 0 | 1 | 0 | 0 | 10 | 35 | 35.00 | 0 | 0 |
| Science - Physics | 0 | 1 | 0 | 0 | 10 | 54 | 54.00 | 0 | 1 |
| Social Science | 0 | 1 | 0 | 0 | 10 | 56 | 56.00 | 0 | 1 |
| Fine Arts - Other Fine Arts | 0 | 1 | 1 | 0 | 5 | 71 | 71.00 | 0 | 1 |
| Pop Culture | 0 | 0 | 1 | 0 | -5 | 0.00 | 0 | 0 |